| 000 | 00493nam a2200181 i 4500 | ||
|---|---|---|---|
| 001 | 111342 | ||
| 003 | ES-MaACL | ||
| 005 | 20251201163628.0 | ||
| 007 | t| | ||
| 008 | 061121s1975 sp r ||||1| spa d | ||
| 100 | 1 |
_aOlivar Bertrand, R. _986762 |
|
| 245 | 1 | 0 |
_aPrim / _cRafael Olivar Bertrand. |
| 260 |
_aMadrid : _bGiner, _c1975. |
||
| 300 |
_a703 p., 8 lám. ; _c23 cm. |
||
| 600 | 1 | 4 |
_aPrim, Juan, _d1814-1870 _9242561 |
| 852 |
_aES-MaACL _jE-8426 _bR.92730 |
||
| 999 |
_c111342 _d111342 |
||